000 00737nam a2200265Ia 4500
003 OSt
005 20220928104644.0
006 a|||||r|||| 00| 0
007 ta
008 220927b |||||||| |||| 00| 0 eng d
020 _c275
024 _a99589
037 _b41, 25/09/2009, Better Book Service
_cTextual
040 _aSDCL
_cSDCL
_beng
041 _2eng
_aeng
082 _aX:92, P9
100 _aAuguinis Herman
_9411457
245 0 _aPerformance management. 2 Ed.
250 _a2
260 _aNew Delhi
_bPearson Education
_c2009
300 _a296p
_ccm.
650 _aCommerce
_9353036
942 _hX:92, P9
_cTEXL
_2CC
999 _c727127
_d727127